000 00478nam a2200157Ia 4500
008 220204s9999 xx 000 0 und d
082 _a678:62:678.4
_bGHO
100 _aGhosh, Premamoy
245 0 _aPolymer science and technology of plastics and rubbers
260 _aNew Delhi
_bTata McGraw-Hill Publishing Co Ltd
_c1990
650 _aPolymer rheology
650 _aRubber processing
650 _aSulphur vulcanization
650 _aThermoplastic elastomers
942 _cBK
999 _c40960
_d40960